000 00679nam a2200265Ia 4500
003 OSt
005 20221006145443.0
006 a|||||r|||| 00| 0
007 ta
008 221006b |||||||| |||| 00| 0 eng d
020 _cHK
_1.40
024 _a14,871
037 _bGift,
_cTextual
040 _aEASL
_cEASL
_beng
041 _2eng
_aeng
082 _aO41,3M81x, L2;1
100 _aXUN Lu Au.
_9583157
245 0 _aOld tales retold
260 _aPeking
_bForeign Languages Press China
_c1972
300 _a138p.
_ccm.
490 _v CEL
650 _aCEL
942 _hO41,3M81x, L2;1
_cTEXL
_2CC
999 _c1082957
_d1082957